000 02038nam a2200529 i 4500
001 25887
003 KOSZ 005
005 20200903090145.0
008 200903s1969 pl a f 000 0 pol
015 _aUWD 1969/9163
035 _a991036660309705066
035 _a(PL-WaBN)b19843203-48omnis_nlop
035 _ab19843203
035 _a(OCoLC)829764623
035 _a(PL)b0000001984320
035 _a(EXLNZ-48OMNIS_NETWORK)9910513049605606
040 _aWA N
_cWA N
_dKOSZ 005/RW
046 _k1969
080 _a621.316/.317
080 _a621.762
100 1 _aKuźma, Czesław
_eAutor
245 1 0 _aPrzyczynki do technologii półprzewodnikowych spieków tlenków kobaltowo-manganowych /
_cCzeslaw Kuźma ; Instytut Technologii Elektronowej przy Naukowo-Produkcyjnym Centrum Półprzewodników.
260 _aWarszawa :
_b"Wema",
_c1969.
300 _a21 stron :
_bilustracje ;
_c24 cm.
336 _aTekst
_btxt
_2rdacontent
337 _aBez urządzenia pośredniczącego
_bn
_2rdamedia
338 _aWolumin
_bnc
_2rdacarrier
380 _aKsiążki
380 _aPublikacje fachowe
388 1 _a1901-2000
388 1 _a1945-1989
490 1 _aPrace Instytut Technologii Elektronowej ;
_v8
504 _aBibliografia na stronie 21.
506 _aNa prawach rękopisu, do użytku wewnętrznego.
650 7 _aTermistory
_2DBN
650 7 _aTermodynamika techniczna
_2DBN
650 7 _aZwiązki kobaltu
_2DBN
650 7 _aZwiązki manganu
_2DBN
655 7 _aOpracowanie
658 _aInżynieria i technika
710 2 _aCentrum Naukowo-Produkcyjne Półprzewodników i Mikroelektroniki.
_bInstytut Technologii Elektronowej
710 2 _aWydawnictwa Przemysłu Maszynowego "Wema"
_4pbl
830 0 _aPrace Instytutu Technologii Elektronowej CEMI
_v8
856 _uhttp://koha.tu.koszalin.pl/cgi-bin/koha/opac-detail.pl?biblionumber=25887
_yKatalog online BPK
942 _2UKD
_cKS
999 _c25887
_d25887